000 00452nam a2200157Ia 4500
999 _c5598
_d5598
003 OSt
005 20200117144746.0
008 190216s9999||||xx |||||||||||||| ||und||
040 _coclc
082 _a658.8
_bKAR/M
100 _aKarunakaran, K P
_91050
245 0 _aMarketing Management /
_cK P Karunakaran
260 _bSterling Publications,
_c1996.
_aCalicut:
300 _a301p
942 _cBK
_2ddc
_h658.8
_iKAR/M
_k658.8
_mKAR/M